书目信息 |
| 题名: |
遗传学 下
|
|
| 作者: | 刘祖洞 著 | |
| 分册: | ||
| 出版信息: | 北京 高等教育出版社 1979.06 |
|
| 页数: | 392页 | |
| 开本: | 20cm | |
| 丛书名: | ||
| 单 册: | ||
| 中图分类: | Q3-43 | |
| 科图分类: | ||
| 主题词: | 遗传学 | |
| 电子资源: | ||
| ISBN: | 7-04-002667-8 | |
| 000 | 00549nam0 2200205 45 | |
| 001 | 0261003397 | |
| 005 | 2002061016564239 | |
| 010 | @a7-04-002667-8@dRMB 12.20 | |
| 100 | @a20020610d1979 km y0chiy0120 ea | |
| 101 | 0 | @achi |
| 102 | @aCN@b110000 | |
| 200 | 1 | @a遗传学 下@Ayi chuan xue xia@f刘祖洞著@Fliu zu dong zhu |
| 205 | @a第二版 | |
| 210 | @a北京@c高等教育出版社@d1979.06 | |
| 215 | @a392页@d20cm | |
| 606 | 0 | @a遗传学 |
| 690 | @aQ3-43@v3 | |
| 701 | 0 | @a刘祖洞@Aliu zu dong@4著 |
| 801 | 0 | @aCN@bPFT@c20020610 |
| 905 | @a安徽大学@dQ3-43@eL730:2 | |
| 遗传学 下/刘祖洞著.-第二版.-北京:高等教育出版社,1979.06 |
| 392页;20cm |
| ISBN 7-04-002667-8:RMB 12.20 |
| ● |
| 相关链接 |
|
|
|
正题名:遗传学 下
索取号:Q3-43/L730:2
 
预约/预借
| 序号 | 登录号 | 条形码 | 馆藏地/架位号 | 状态 | 备注 |
| 1 | 362973 | 203629733 | 自科库401/401自科库 27排2列2层/ [索取号:Q3-43/L730:2] | 在馆 | |
| 2 | 362974 | 203629742 | 自科库401/401自科库 27排2列2层/ [索取号:Q3-43/L730:2] | 在馆 | |
| 3 | 362975 | 203629751 | 自科二线504/504自科库 47排4列3层/ [索取号:Q3-43/L730:2] | 在馆 |